| 000 | 01223cam a2200301 4500 | ||
|---|---|---|---|
| 999 |
_c234320 _d234320 |
||
| 001 | 1253730 | ||
| 003 | Nust | ||
| 005 | 20170317132343.0 | ||
| 008 | 741003s1974 nyua b 101 0 eng | ||
| 010 | _a 73091164 | ||
| 020 | _a0-306-31018-X | ||
| 040 |
_aDLC _cASAB _dDLC |
||
| 050 | 0 | 0 |
_aQP519.9.S6 _bM37 |
| 082 | 0 | 0 | _a574.1/92/028 |
| 245 | 0 | 0 |
_aMass spectrometry in drug metabolism _cEditors: A. Frigerio [and] Emilio L. Ghisalberti |
| 260 |
_aNew York, _bRaven Press _c[1974] |
||
| 300 |
_aix, 532 p. _billus. _c25 cm. |
||
| 490 | 1 | _aMonographs of the Mario Negri Institute for Pharmacological Research | |
| 500 | _a"The symposium upon which this volume is based was organized at the Mario Negri Institute in Milan." | ||
| 504 | _aIncludes bibliographies. | ||
| 650 | 0 |
_aMass spectrometry _xCongresses. |
|
| 650 | 0 |
_aBiochemistry _xTechnique _xCongresses. |
|
| 650 | 0 |
_aPharmaceutical chemistry _xTechnique _xCongresses. |
|
| 700 | 1 |
_aFrigerio, Alberto, _eed. |
|
| 700 | 1 |
_aCastagnoli, N. _q(Neal), _eed. |
|
| 830 | 0 | _aMonographs of the Mario Negri Institute for Pharmacological Research, Milan. | |
| 906 |
_a7 _bcbc _corignew _d2 _eopcn _f19 _gy-gencatlg |
||
| 942 |
_2ddc _cBK |
||